| 000 | 00000nam##2200000za#4500 |
| 001 | 9.572903 |
| 003 | CaOODSP |
| 005 | 20230202144024 |
| 007 | cr ||||||||||| |
| 008 | 150406|1996||||xxc|||||o f|0| 0 eng|d |
| 040 | |aCaOODSP|beng |
| 043 | |an-cn--- |
| 086 | 1 |aH72-22/7-1996E-PDF |
| 110 | 2 |aNational Clearinghouse on Family Violence (Canada). |
| 245 | 10|aWife abuse - the impact on children |h[electronic resource] |
| 250 | |aRev. |
| 260 | |aOttawa - Ontario : |bHealth Canada. |cApril 1996. |
| 300 | |a11p.|breferences |
| 490 | 1 |aInformation from the National Clearinghouse on Family Violence |
| 500 | |a"This fact sheet was revised under contract by the London Family Court Clinic (Marlies Suderman, Peter Jaffe & Lynn Watson)"--p.11 of 11. The catalogue number (H72-22/7-1996E) for the print edition has been incorrectly copied in this electronic publication. |
| 590 | |a12-10-Supp|b2012-03-23 |
| 690 | 07|aFamily violence|2gcpds |
| 690 | 07|aViolence against women|2gcpds |
| 775 | 08|tLa violence conjugale et ses conséquences sur les enfants |w(CaOODSP)9.603149 |
| 776 | 0#|tWife abuse: the impact on children / |w(CaOODSP)9.613073 |
| 830 | #0|aInformation from the National Clearinghouse on Family Violence.|w(CaOODSP)9.504469 |
| 856 | 40|ahttp://publications.gc.ca|qPDF|s39 KB|uhttps://publications.gc.ca/collections/Collection/H72-22-7-1996E.pdf |